| 000 | 02530cam a2200481 i 4500 | ||
|---|---|---|---|
| 003 | PE-LiUPU | ||
| 005 | 20250731172843.0 | ||
| 008 | 141117s2015 miu b 001 0 eng | ||
| 020 |
_a080282708X _q(pbk. ; _qalk. paper) |
||
| 020 |
_a9780802827081 _q(pbk. ; _qalk. paper) |
||
| 035 | _a(Sirsi) i9780802827081 | ||
| 040 |
_aPE-LiUPU _bspa _cPE-LiUPU _erda |
||
| 049 | _aPRUA | ||
| 082 | 0 | 0 |
_a223.1 _bW58 _220 |
| 100 | 1 |
_aWilson, Lindsay, _d1955-, _eautor. |
|
| 245 | 1 | 0 |
_aJob / _cLindsay Wilson. |
| 264 | 1 |
_aGrand Rapids, Michigan : _bWilliam B. Eerdmans Publishing Company, _c2015. |
|
| 300 |
_axi, 420 páginas ; _c23 centímetros |
||
| 336 |
_atext _2rdacontent |
||
| 337 |
_aunmediated _2rdamedia |
||
| 338 |
_avolume _2rdacarrier |
||
| 504 | _aBibliografía : páginas 383-395. | ||
| 504 | _aÍndices : páginas 396-420. | ||
| 505 | 0 | _aAcknowledgments -- Abbreviations. Introduction. Who Wrote the Book, and When Was It Written? -- Are These Real Historical Events and the Actual Words Spoken? -- How Should We Read the Book? -- Why Was the Book Written? -- How Have Others Understood It? -- How Do the Different parts of the Book Fit Together? -- What is the Structure of the Book? -- Is the Text of Job Reliable? -- Why Is the Book So Long and Repetitive?. Commentary. 1:1 -- 2:13: The Prologue -- 3:1-31:40: The Dialogue -- 32:1 -- 42:6: The Verdicts -- 42:7-17: The Epilogue. Theological Themes. Suffering -- Retribution and Justice -- The Litigation Motif -- Lament and Complaint to God -- Persevering Faith -- The Fear of God -- Humanity -- God -- Creation. Job and Theology. Job and Biblical Theology -- Job and Systematic Theology -- Job and Moral Theology -- Job and Practical Theology. Bibliography. Index of Authors. Index of Scripture References. | |
| 526 | _aSEG42 | ||
| 526 | _aSEG41 | ||
| 526 | _aSEG40 | ||
| 526 | _aSEG39 | ||
| 526 | _aP94 | ||
| 526 | _aP87 | ||
| 526 | _aP86 | ||
| 526 | _aP85 | ||
| 526 | _aP77 | ||
| 526 | _aP76 | ||
| 526 | _aP35 | ||
| 910 |
_jck _bhop _chop _d20160526 |
||
| 942 |
_2ddc _cBOOK |
||
| 949 |
_a223.1 W58 _wDEWEY _c1 _i73205 _d2016-11-21 _e2016-11-20 _lCCODEBUL1 _mBUL _n3 _p28.00 _r0 _sY _tBOOK _u2016-5-26 _xTEOLOGIA _PP85 _0COMPRA _o.STAFF. Posgrado |
||
| 994 |
_aC0 _bPEPRU |
||
| 596 | _a1 | ||
| 999 |
_a223.1 W58 _wDEWEY _c9611 _i73205 _d9611 _e2018-11-8 _f2021-11-9 _g5 _lCCODEBUL1 _mBUL _n4 _p28.00 _q5 _r0 _sY _tBOOK _u2016-5-26 _xTEOLOGIA _PP85 _0COMPRA _o.STAFF. Posgrado |
||
| 980 |
_81 _gALBERTO SANCHEZ Responsable de Automatización |
||